[Event "Titled Tue 17th Jun Late"]
[Site "chess.com INT"]
[Date "2025.06.17"]
[Round "5"]
[White "Moroni, Luca Jr"]
[Black "Martinez Ramirez, Lennis"]
[Result "0-1"]
[WhiteTitle "GM"]
[BlackTitle "IM"]
[WhiteElo "2549"]
[BlackElo "2442"]
[WhiteFideId "865834"]
[BlackFideId "3509079"]
[EventDate "2025.06.17"]

1. c4 e5 2. Nc3 Nf6 3. e3 Bb4 4. Nge2 O-O 5. a3 Be7 6. d4 d6 7. b4 a5 8. Bb2
axb4 9. axb4 Rxa1 10. Bxa1 exd4 11. Nxd4 d5 12. c5 b6 13. Na4 Ne4 14. Bd3 bxc5
15. Nxc5 Bxc5 16. bxc5 Nxc5 17. Bc2 Ba6 18. f3 Qh4+ 19. g3 Qh3 20. Kf2 Nbd7 21.
Nf5 Ne6 22. Qxd5 Nb6 23. Qe5 Rd8 24. Bc3 Nd5 25. Ba5 Bf1 26. Nh4 g6 27. Rxf1
Qxh2+ 28. Ng2 Rd6 29. Rd1 f6 30. Qe4 Ng5 31. Qe8+ Kg7 32. Rxd5 Nh3+ 33. Ke2
Qxg2+ 34. Kd3 Nf2+ 35. Kc4 Qxf3 36. Rxd6 Qe2+ 37. Bd3 Qa2+ 38. Kb4 Qb2+ 39. Kc5
cxd6+ 40. Kxd6 Nxd3 41. Qd7+ Kh6 42. Qh3+ Kg5 43. Bd8 Qe5+ 44. Kd7 Qf5+ 45.
Qxf5+ Kxf5 46. Kc6 Ne5+ 47. Kd5 Ng4 48. e4+ Kg5 49. Ke6 h5 50. Be7 Nf2 51. Bxf6+
Kg4 52. e5 Ne4 53. Kd5 Nxg3 54. e6 Nf5 55. Ke5 h4 56. Bxh4 Kxh4 57. Kf6 Kh5 58.
Kf7 g5 59. Kf6 Kg4 60. Kg6 Kf4 61. Kf6 g4 62. Kg6 g3 63. Kh7 g2 64. Kg6 g1=Q+ 0-1

[Event "Titled Tue 17th Jun Late"]
[Site "chess.com INT"]
[Date "2025.06.17"]
[Round "5"]
[White "Maksimovic, Bojan"]
[Black "Salinas Herrera, Pablo"]
[Result "1-0"]
[WhiteTitle "IM"]
[BlackTitle "GM"]
[WhiteElo "2514"]
[BlackElo "2447"]
[WhiteFideId "14408120"]
[BlackFideId "3407128"]
[EventDate "2025.06.17"]

1. d4 d5 2. Bg5 c6 3. e3 Qb6 4. Qc1 Bf5 5. Nf3 Nd7 6. Bd3 Bxd3 7. cxd3 e6 8. O-O
Be7 9. Bxe7 Nxe7 10. Nc3 O-O 11. e4 Rac8 12. Re1 Nf6 13. Qc2 Rfd8 14. Rac1 Qa6
15. b4 Ng6 16. h3 b6 17. Qd2 Qb7 18. Rb1 Qc7 19. e5 Nd7 20. h4 h6 21. h5 Ne7 22.
Qf4 a6 23. Na4 Ra8 24. Rec1 a5 25. b5 c5 26. dxc5 bxc5 27. Nxc5 Nxc5 28. d4 Nd3
29. Rxc7 Nxf4 30. Rxe7 Rab8 31. Ra7 Ne2+ 32. Kf1 Nc3 33. Rb3 Nxb5 34. Rxa5 Nc7
35. Rc5 Na6 36. Rcb5 Ra8 37. a4 Nb8 38. Rb6 Rc8 39. a5 Nc6 40. a6 Na5 41. Rb1
Nc4 42. Rb7 Rxa6 43. Rb8 Ra8 44. Rxc8+ Rxc8 45. g3 Ra8 46. Kg2 Kf8 47. Rb7 Ke8
48. g4 Na5 49. Rc7 Nb3 50. Rb7 Nc1 51. g5 hxg5 52. Nxg5 Ne2 53. Rxf7 Nxd4 54.
Rxg7 Kf8 55. h6 Ra2 56. Nh7+ Ke8 57. Nf6+ Kf8 58. Rg8+ Kf7 59. h7 1-0

[Event "Titled Tue 17th Jun Late"]
[Site "chess.com INT"]
[Date "2025.06.17"]
[Round "5"]
[White "Amar, Elham"]
[Black "Niemann, Hans Moke"]
[Result "0-1"]
[WhiteTitle "GM"]
[BlackTitle "GM"]
[WhiteElo "2589"]
[BlackElo "2736"]
[WhiteFideId "1533533"]
[BlackFideId "2093596"]
[EventDate "2025.06.17"]

1. e4 e5 2. Nc3 Nc6 3. Bc4 Nf6 4. d3 Bc5 5. f4 d6 6. Nf3 Bg4 7. Na4 Bb6 8. c3
O-O 9. Nxb6 axb6 10. O-O exf4 11. Bxf4 d5 12. exd5 Nxd5 13. Bxd5 Qxd5 14. Bxc7
Rxa2 15. Rxa2 Qxa2 16. Qd2 b5 17. h3 Bxf3 18. Rxf3 Qd5 19. Qe3 Qd7 20. Bg3 Ne7
21. Qc5 Rc8 22. Qd6 Rd8 23. Qxd7 Rxd7 24. Re3 f6 25. Re6 b4 26. d4 Nc6 27. Bf2
Kf7 28. Re1 Na5 29. Ra1 Nc4 30. Ra4 Nxb2 31. Rxb4 Nd3 32. Rb5 Rc7 33. d5 Rxc3
34. Rxb7+ Kg6 35. Bb6 Rb3 36. d6 Ne5 37. d7 Nxd7 38. Rxd7 Rxb6 39. Kh2 Rb4 40.
Rd2 h5 41. Ra2 Rb5 42. Rd2 Kg5 43. Ra2 g6 44. Rd2 f5 45. Ra2 f4 46. Rd2 Kf5 47.
Ra2 g5 48. Ra8 g4 49. hxg4+ hxg4 50. Rf8+ Ke4 51. Re8+ Kd4 52. Rd8+ Ke3 53. Ra8
Rd5 54. Ra3+ Rd3 55. Ra4 Rd2 56. Ra3+ Kf2 57. Ra4 g3+ 58. Kh3 f3 59. Rf4 Rd3 60.
Rf8 Kg1 61. gxf3 g2 62. Rg8 Rxf3+ 0-1

[Event "Titled Tue 17th Jun Late"]
[Site "chess.com INT"]
[Date "2025.06.17"]
[Round "5"]
[White "Piesik, Piotr"]
[Black "Sargsyan, Shant"]
[Result "0-1"]
[WhiteTitle "IM"]
[BlackTitle "GM"]
[WhiteElo "2436"]
[BlackElo "2669"]
[WhiteFideId "1136194"]
[BlackFideId "13306766"]
[EventDate "2025.06.17"]

1. Nf3 g6 2. g3 Bg7 3. d4 d6 4. Bg2 Nf6 5. O-O O-O 6. Nbd2 a5 7. a4 Nc6 8. e4
Nd7 9. c3 e5 10. d5 Ne7 11. b4 f5 12. Ng5 Nf6 13. Qb3 Kh8 14. bxa5 fxe4 15. c4
Nf5 16. Bb2 e3 17. fxe3 Bh6 18. Nde4 Nxe4 19. Nxe4 Bxe3+ 20. Kh1 Bd4 21. Rf3
Rxa5 22. Raf1 h5 23. Bxd4 exd4 24. h3 Kg7 25. Kg1 Rh8 26. h4 Qe7 27. Ng5 Rf8 28.
Qb4 b6 29. Re1 Qf6 30. Bh3 Bd7 31. Bxf5 gxf5 32. Ne6+ Kg6 33. Qd2 Re8 34. Nf4+
Kf7 35. Rxe8 Kxe8 36. Nxh5 Qg6 37. Nf4 Qg4 38. Kg2 Rxa4 39. Qxd4 Ra2+ 40. Rf2
Rxf2+ 41. Kxf2 Kf7 42. h5 Qg5 43. Qh8 Qf6 44. Qb8 Qd4+ 45. Kg2 Qe4+ 46. Kh2 Qc2+
47. Kh3 Qxc4 48. h6 Qf1+ 49. Kh2 Qf2+ 50. Ng2 f4 51. gxf4 Qc2 52. Qh8 Bf5 53.
Qg7+ Ke8 54. Qg5 Kd7 55. Qg7+ Kc8 56. Qg3 Be4 0-1

[Event "Titled Tue 17th Jun Late"]
[Site "chess.com INT"]
[Date "2025.06.17"]
[Round "5"]
[White "Liu, Xiangyi"]
[Black "Labussiere, Victor"]
[Result "0-1"]
[WhiteTitle "IM"]
[BlackTitle "FM"]
[WhiteElo "2370"]
[BlackElo "2312"]
[WhiteFideId "8605718"]
[BlackFideId "2183129"]
[EventDate "2025.06.17"]

1. Nf3 d5 2. c4 e6 3. g3 Nf6 4. Bg2 Be7 5. O-O b6 6. b3 Bb7 7. Bb2 O-O 8. cxd5
exd5 9. Nc3 Nbd7 10. d4 a6 11. Rc1 Bd6 12. e3 Qe7 13. Rc2 Rfe8 14. Qd3 Ne4 15.
Nd2 f5 16. Ne2 a5 17. Nxe4 fxe4 18. Qd2 a4 19. Rfc1 axb3 20. axb3 Nf6 21. Nc3
Bb4 22. Qd1 c6 23. Na4 Qd8 24. Bc3 Bd6 25. Qe1 b5 26. Nc5 Bc8 27. Ra1 Bg4 28.
Rca2 Rxa2 29. Rxa2 Qc8 30. Qf1 h5 31. Ra7 Re7 32. Qa1 Qf5 33. Rxe7 Bxe7 34. Qa8+
Kh7 35. Qxc6 Bh3 36. Bh1 Bxc5 37. Qxc5 Ng4 38. Be1 Nxe3 39. Qxb5 Nc2 40. Bc3 e3
41. Qe2 Nxd4 42. Qxe3 Qb1+ 43. Be1 Nc2 44. Qd3+ Kh8 45. Qe2 Qxe1+ 46. Qxe1 Nxe1
47. Bxd5 Nd3 48. f4 g6 49. Be4 Bf5 50. Bd5 Kg7 51. Kg2 Nc5 52. Kf3 Be6 53. Bc6
Bxb3 54. Ba8 Be6 55. Bc6 Bh3 56. Kf2 Nd3+ 57. Ke3 Nc5 58. Bf3 Kf6 59. Bg2 Bxg2 0-1

[Event "Titled Tue 17th Jun Late"]
[Site "chess.com INT"]
[Date "2025.06.17"]
[Round "5"]
[White "DeDona, Mark"]
[Black "Bogaudinov, Rushan"]
[Result "1/2-1/2"]
[BlackTitle "FM"]
[WhiteElo "1938"]
[BlackElo "1912"]
[WhiteFideId "30920256"]
[BlackFideId "4129288"]
[EventDate "2025.06.17"]

1. e4 e6 2. d4 a6 3. Nc3 b5 4. f3 Bb7 5. Be3 Nf6 6. Qd2 b4 7. Nd1 a5 8. a4 d5 9.
e5 Nfd7 10. Nh3 c5 11. Bb5 Nc6 12. O-O cxd4 13. Bxd4 Nxd4 14. Qxd4 Qc7 15. Bxd7+
Qxd7 16. Ndf2 Qc6 17. Nd3 Ba6 18. Nhf2 Be7 19. Rfc1 O-O 20. c3 b3 21. h4 Qc4 22.
h5 h6 23. Qxc4 dxc4 24. Nf4 Bb7 25. Rd1 Rfd8 26. Ne4 Bxe4 27. fxe4 Bc5+ 28. Kf1
Kf8 29. Ke2 Ke7 30. g4 Rxd1 31. Rxd1 Rc8 32. Ng2 Ba7 33. Ne3 g6 34. Rd6 gxh5 35.
gxh5 Bb8 36. Ra6 Bxe5 37. Rxa5 Bf4 38. Kf3 Bg5 39. Ra7+ Kf8 40. a5 Rc5 41. a6
Ra5 42. Nxc4 Ra2 43. Rb7 Rxa6 44. Rxb3 Be7 45. Ne5 Ra5 46. Rb8+ Kg7 47. Nc6 Bd6
48. Nxa5 Bxb8 49. Nc6 Bc7 50. b4 f5 51. b5 Kf7 52. c4 Ke8 53. Nd4 fxe4+ 54. Kxe4
Kd7 55. c5 Ba5 56. c6+ Kd6 57. Nf3 Kc5 58. Ke5 Kxb5 59. Nd4+ Kc5 60. Nxe6+ Kxc6
61. Kf5 Kd7 62. Nd4 Ke8 63. Kg6 Bd2 64. Kg7 Bc3 65. Kxh6 Bxd4 66. Kg6 Kf8 67. h6
Kg8 68. h7+ Kh8 69. Kf5 Bg7 70. Ke4 Kxh7 1/2-1/2

[Event "Titled Tue 17th Jun Late"]
[Site "chess.com INT"]
[Date "2025.06.17"]
[Round "5"]
[White "Nita, Lucian"]
[Black "Baches Garcia, Guillermo"]
[Result "0-1"]
[BlackTitle "IM"]
[WhiteElo "2143"]
[BlackElo "2305"]
[WhiteFideId "1206923"]
[BlackFideId "2209764"]
[EventDate "2025.06.17"]

1. e4 c5 2. d3 Nc6 3. Nd2 g6 4. Ngf3 Bg7 5. Be2 Nf6 6. O-O e5 7. a3 O-O 8. Rb1
d5 9. b4 cxb4 10. axb4 a6 11. b5 axb5 12. Rxb5 Re8 13. Rb1 h6 14. Bb2 Qc7 15.
Re1 Be6 16. c3 Nd7 17. Qb3 Nc5 18. Qc2 b6 19. h3 Rac8 20. Ba3 g5 21. Bxc5 bxc5
22. exd5 Bxd5 23. Ne4 Qe7 24. Ng3 Be6 25. Nd2 f5 26. Nc4 Rcd8 27. Rb6 Qd7 28.
Bf1 Rb8 29. Reb1 Rxb6 30. Rxb6 Rb8 31. Rxb8+ Nxb8 32. Nh5 Bh8 33. Ng3 Nc6 34.
Ne2 Ne7 35. Nc1 Bxc4 36. dxc4 e4 37. Nb3 Qd6 38. Qd2 Be5 39. Qxd6 Bxd6 40. Be2
Kf7 41. Kf1 f4 42. Ke1 Nc6 43. Kd2 Kf6 44. Bg4 Ne5 45. Be2 f3 46. gxf3 exf3 47.
Bd3 h5 48. Bf1 g4 49. hxg4 Nxg4 50. Ke1 h4 51. Nd2 Ne5 52. Bh3 Kg5 53. Be6 Kf4
54. Nf1 Nd3+ 55. Kd2 Nxf2 56. Nh2 Kg3 57. Nf1+ Kg2 58. Ne3+ Kg1 59. Nf5 Bf4+ 60.
Ke1 h3 61. Nh4 Nd3+ 62. Kd1 f2 63. Nf3+ Kg2 64. Bxh3+ Kxh3 65. Ke2 Kg3 66. Kf1
Nb2 67. Nh2 Nxc4 68. Ng4 Ne3+ 69. Ke2 Nxg4 70. Kf1 Be5 71. Ke2 0-1

[Event "Titled Tue 17th Jun Late"]
[Site "chess.com INT"]
[Date "2025.06.17"]
[Round "5"]
[White "Mahdavi, Reza"]
[Black "Avramidou, Anastasia"]
[Result "1-0"]
[WhiteTitle "IM"]
[BlackTitle "FM"]
[WhiteElo "2454"]
[BlackElo "2294"]
[WhiteFideId "12595926"]
[BlackFideId "4239873"]
[EventDate "2025.06.17"]

1. e4 e6 2. Nf3 d5 3. e5 c5 4. c3 Nc6 5. d4 Bd7 6. Be2 cxd4 7. cxd4 Nge7 8. Na3
Nf5 9. Nc2 Qb6 10. g4 Nfe7 11. O-O Rc8 12. Bd2 Na5 13. b3 Bb5 14. Rc1 Bxe2 15.
Qxe2 Nac6 16. Qd3 Ng6 17. Nfe1 Be7 18. f4 O-O 19. Kh1 f5 20. h3 Rf7 21. Ng2 Rcf8
22. g5 Rc8 23. h4 Bf8 24. h5 Nh8 25. Nce1 g6 26. Nf3 Ba3 27. Rcd1 Rfc7 28. Kh2
Bb4 29. Ne3 Bxd2 30. Rxd2 Nb4 31. Qe2 Qa6 32. Qxa6 Nxa6 33. Kg3 Rc3 34. Nd1 Rc1
35. Rh2 Nb4 36. Rfh1 R8c7 37. a3 Nc2 38. a4 a5 39. Nf2 Rxh1 40. Rxh1 Nb4 41. Rb1
Rc3 42. Nd1 Rc2 43. Ne1 Rc7 44. Rb2 gxh5 45. Ng2 Ng6 46. Rd2 Rc1 47. Nh4 Kf7 48.
Nf3 Ke7 49. Ng1 Rb1 50. Ne2 h4+ 51. Kf3 Rxb3+ 52. Ndc3 h3 53. Kg3 Kd7 54. Kh2
Nc6 55. Nb5 Rb4 56. Nc1 Rxa4 57. Nd3 Ra3 58. Nc5+ Ke7 59. Rf2 Nxf4 60. Rxf4 Ra2+
61. Kxh3 a4 62. Rh4 a3 63. Rxh7+ Kf8 64. g6 Ne7 65. Nd7+ Ke8 66. Nf6+ Kd8 67.
Rh8+ 1-0

[Event "Titled Tue 17th Jun Late"]
[Site "chess.com INT"]
[Date "2025.06.17"]
[Round "5"]
[White "Suvradeepta, Das"]
[Black "Sethuraman, Roshan"]
[Result "1-0"]
[WhiteTitle "FM"]
[WhiteElo "2230"]
[BlackElo "2074"]
[WhiteFideId "5058031"]
[BlackFideId "30965250"]
[EventDate "2025.06.17"]

1. d4 Nf6 2. Nf3 d5 3. e3 Bf5 4. Bd3 Bxd3 5. Qxd3 e6 6. Qb5+ Nbd7 7. Qxb7 Bd6 8.
Qb5 O-O 9. O-O e5 10. dxe5 Nxe5 11. Nbd2 Re8 12. Qe2 c6 13. Nxe5 Bxe5 14. Nf3
Bd6 15. c4 Qc7 16. h3 Rab8 17. b3 Ne4 18. Bb2 Qb7 19. Rac1 a5 20. cxd5 cxd5 21.
Bd4 Ba3 22. Rc2 Rbc8 23. Rxc8 Rxc8 24. Ne5 f6 25. Nd3 Qb5 26. Qg4 Re8 27. Nf4
Qc6 28. Nh5 Bf8 29. f3 Ng5 30. h4 h6 31. hxg5 hxg5 32. Ng3 a4 33. bxa4 Qxa4 34.
Ra1 Qc6 35. Qf5 Rb8 36. Nf1 Ra8 37. Qd3 Ra3 38. Qd1 Qc4 39. Qc1 Qe2 40. Qd1 Qa6
41. Bb2 Rd3 42. Qc1 Qc4 43. Qxc4 dxc4 44. a4 c3 45. Bc1 Rd1 46. a5 Bc5 47. a6 c2
48. Kf2 f5 49. Ke2 Kf7 50. Nd2 f4 51. exf4 gxf4 52. Nb3 Ba7 53. Ra2 Rg1 54. Rxc2
Rxg2+ 55. Kd3 Rg6 56. Rc7+ Kg8 57. Rxa7 Rd6+ 58. Kc2 Rc6+ 59. Kb2 Rb6 60. Ra8+
Kf7 61. a7 Ra6 62. Nc5 Ra5 63. Nb3 Ra6 64. Bxf4 g5 65. Be3 g4 66. Rb8 Rxa7 67.
Bxa7 g3 68. Bg1 g2 69. Rb4 1-0

[Event "Titled Tue 17th Jun Late"]
[Site "chess.com INT"]
[Date "2025.06.17"]
[Round "5"]
[White "Rosen, Eric"]
[Black "Hakobyan, Aram"]
[Result "0-1"]
[WhiteTitle "IM"]
[BlackTitle "GM"]
[WhiteElo "2377"]
[BlackElo "2620"]
[WhiteFideId "2032562"]
[BlackFideId "13306677"]
[EventDate "2025.06.17"]

1. d4 Nc6 2. d5 Ne5 3. Nf3 Nxf3+ 4. exf3 Nf6 5. c4 g6 6. Bd2 Bg7 7. Bc3 O-O 8.
Be2 d6 9. O-O e5 10. dxe6 Bxe6 11. Nd2 Re8 12. Re1 Bf5 13. Qb3 b6 14. Bf1 Qd7
15. Qa3 a5 16. b3 Rxe1 17. Rxe1 Re8 18. Qc1 Rxe1 19. Qxe1 d5 20. cxd5 Nxd5 21.
Bxg7 Kxg7 22. Nc4 Be6 23. g3 f6 24. f4 Nb4 25. a3 Nc2 26. Qc1 Nd4 27. Qe3 Bg4
28. h3 Nf3+ 29. Kg2 Bxh3+ 30. Kxf3 Bxf1 31. Qc3 Qd1+ 32. Ke4 Bg2+ 33. Ke3 Qf3+
34. Kd2 Qxf2+ 35. Kc1 Be4 36. Nd2 Qe1+ 37. Kb2 c5 38. Nxe4 Qxe4 39. a4 h5 40.
Ka2 Qd4 41. Qc2 Qd5 42. f5 Qxf5 43. Qe2 Qe5 44. Qd2 Qd4 45. Qe2 Kf7 46. Qf1 Qd2+
47. Kb1 Qd5 48. Qb5 Qe6 49. Qa6 g5 50. Qb7+ Kg6 51. Qa8 h4 52. gxh4 gxh4 53. Qh8
h3 54. b4 Qe4+ 55. Ka1 Qd4+ 56. Kb1 Qd3+ 57. Ka1 Qa3+ 58. Kb1 Qxb4+ 59. Ka1
Qxa4+ 60. Kb1 Qb4+ 61. Ka1 Qd4+ 62. Kb1 Qe4+ 63. Ka1 Qh1+ 64. Ka2 Qg2+ 65. Ka3
Kf5 66. Qc8+ Kf4 67. Qc7+ Kg4 68. Qxb6 Qf3+ 69. Ka2 Qe2+ 70. Ka3 Qd3+ 71. Ka2
Qc4+ 72. Qb3 Qxb3+ 73. Ka1 Qb4 74. Ka2 Kf3 75. Ka1 Ke2 76. Ka2 Kd2 77. Ka1 Kc2
78. Ka2 f5 79. Ka1 f4 80. Ka2 f3 81. Ka1 f2 82. Ka2 c4 83. Ka1 c3 84. Ka2 a4 85.
Ka1 f1=N 86. Ka2 h2 87. Ka1 h1=Q 88. Ka2 Qb3+ 89. Ka1 Nd2# 0-1

[Event "Titled Tue 17th Jun Late"]
[Site "chess.com INT"]
[Date "2025.06.17"]
[Round "5"]
[White "Hariharan, Shambavi"]
[Black "Ferriz Barrios, Andres"]
[Result "1/2-1/2"]
[WhiteTitle "WCM"]
[BlackTitle "FM"]
[WhiteElo "1936"]
[BlackElo "2102"]
[WhiteFideId "488160"]
[BlackFideId "5104467"]
[EventDate "2025.06.17"]

1. d4 Nf6 2. c4 e5 3. d5 b5 4. Nc3 bxc4 5. e4 Bb4 6. Qc2 c6 7. Bxc4 cxd5 8. exd5
O-O 9. Bg5 d6 10. Ne2 Bg4 11. O-O Nbd7 12. Ne4 Rc8 13. Qd3 Bh5 14. b3 Bg6 15.
N2g3 Nc5 16. Qe2 Ncxe4 17. Nxe4 Bxe4 18. Bxf6 Qxf6 19. Qxe4 Qg6 20. Qxg6 hxg6
21. f4 e4 22. f5 g5 23. a3 Bc3 24. Rac1 Bb2 25. Rce1 Rfe8 26. a4 Bc3 27. Re2 Re5
28. g4 e3 29. Kg2 Bd2 30. Rd1 Rce8 31. h3 f6 32. Bb5 R8e7 33. Bc4 Kf7 34. Kf3
Bb4 35. Rd3 Bc5 36. Kg2 Re4 37. Rd1 Rf4 38. Rf1 Ree4 39. Rxf4 Rxf4 40. Bd3 Ke7
41. Bc4 Rf2+ 42. Rxf2 exf2 43. Kf1 Kd7 44. Kg2 Kc7 45. Kf1 Kb6 46. Ke2 Ka5 47.
Kf1 Kb4 48. Kg2 a5 49. Kf1 Kc3 50. Kg2 Kd2 51. Kf1 Ke3 52. Kg2 Kf4 53. Bf1 Ke4
54. Bc4 Kf4 55. Bd3 Ke5 56. Bc4 Ke4 57. Kf1 Kf3 58. Be2+ Kg3 59. Bd3 Kxh3 60.
Be2 Kg3 61. Bd1 Bb4 62. Be2 Be1 63. Bd1 Kf4 64. Be2 Ke4 65. Bc4 Ke3 66. Bb5 Kf3
67. Be2+ Kf4 68. Bd1 Ke3 69. Be2 Kd2 70. Bc4 Kc3 71. Ke2 Bd2 72. Kxf2 Bf4 73.
Kf3 Be5 74. Be2 Kxb3 75. Bb5 Kb4 76. Bc6 Kc3 77. Ke4 Kd2 78. Kf3 Kd3 79. Bb7 Kd4
80. Bc6 Kd3 81. Bb7 Kc3 82. Bc6 Kb4 83. Bb5 Kc5 84. Bc6 Kc4 85. Bb7 Bc3 86. Bc6
Bb4 87. Ke4 Bc5 88. Kf3 Kd4 89. Bb7 Kd3 90. Bc6 Kd2 91. Bb7 Kc3 92. Bc6 Kb4 93.
Bb5 Kb3 94. Bc6 Ka3 95. Bb5 Kb2 96. Bc6 Kc2 97. Bb5 Kc3 98. Bc6 Kc4 99. Bb7 Bb6
100. Bc6 Kc5 101. Ke4 Bd8 102. Bb7 Bb6 103. Bc6 Ba7 104. Bb7 Kb6 105. Bc6 Kc7
106. Bb5 Bc5 107. Bc6 Bb4 108. Bb5 Kd8 109. Bc6 Ke7 110. Bb5 Kf7 111. Bc6 g6
112. fxg6+ Kxg6 113. Be8+ Kg7 114. Kf5 Bc3 115. Bc6 Be5 116. Bd7 Kf7 117. Bc6
Ke7 118. Bb5 Kf7 1/2-1/2

[Event "Titled Tue 17th Jun Late"]
[Site "chess.com INT"]
[Date "2025.06.17"]
[Round "5"]
[White "Gumularz, Szymon"]
[Black "Svane, Rasmus"]
[Result "1/2-1/2"]
[WhiteTitle "GM"]
[BlackTitle "GM"]
[WhiteElo "2605"]
[BlackElo "2626"]
[WhiteFideId "1188062"]
[BlackFideId "4657101"]
[EventDate "2025.06.17"]

1. Nf3 d5 2. e3 Nf6 3. b3 Bf5 4. Ba3 Nbd7 5. d4 h6 6. c4 c6 7. Nbd2 e6 8. Bxf8
Nxf8 9. Be2 N8d7 10. O-O O-O 11. b4 Qe7 12. Qb3 Ne4 13. Rfc1 a6 14. Nxe4 Bxe4
15. Nd2 Bg6 16. a4 Rfc8 17. Qb2 Nf6 18. h3 Ne4 19. Nf3 Bh5 20. Rc2 Bxf3 21. Bxf3
Nd6 22. Be2 b5 23. axb5 axb5 24. cxb5 cxb5 25. Rc5 Nc4 26. Qc3 Rxa1+ 27. Qxa1
Qb7 28. Qc3 Ra8 29. e4 Nd6 30. Bd3 Nxe4 31. Bxe4 dxe4 32. Qg3 Qd7 33. Qe5 Ra1+
34. Kh2 Rd1 35. Rxb5 Qxd4 36. Rb8+ Kh7 37. Qf4 f5 38. b5 Rd2 39. Kg1 Rb2 40. Rb7
Rb1+ 41. Kh2 Rb2 42. Kg1 Qf6 43. h4 e5 44. Qg3 f4 45. Qg4 Qg6 46. Qxg6+ Kxg6 47.
Rb6+ Kf5 48. Rb7 g5 49. hxg5 hxg5 50. Rb8 e3 51. fxe3 fxe3 52. Kf1 Ke4 53. b6 g4
54. b7 g3 55. Ke1 e2 56. Rg8 Rxb7 57. Rg4+ Kd3 58. Rxg3+ Kd4 59. Kxe2 Rb2+ 60.
Ke1 e4 61. Ra3 Rxg2 62. Rb3 Ke5 63. Rb8 Kf4 64. Rb3 Rc2 65. Ra3 Ke5 66. Rb3 Ra2
67. Rh3 Kd4 68. Rg3 Rc2 69. Rh3 Rc1+ 70. Kd2 Rg1 71. Ke2 Ra1 72. Kd2 Ra2+ 73.
Ke1 Rc2 74. Rg3 Rh2 75. Ra3 Ke5 76. Rb3 Kf4 77. Ra3 Rb2 78. Rc3 Rb5 79. Ra3 Rg5
80. Rb3 Ra5 81. Rc3 Ke5 82. Rh3 Kd4 83. Rg3 Rf5 84. Ra3 Ke5 85. Ra5+ Kf4 86. Ra3
e3 87. Ke2 Re5 88. Ra4+ Re4 89. Ra8 Re5 90. Rf8+ Rf5 91. Rxf5+ Kxf5 92. Kxe3 1/2-1/2

[Event "Titled Tue 17th Jun Late"]
[Site "chess.com INT"]
[Date "2025.06.17"]
[Round "5"]
[White "Cori Quispe, Kevin Joel"]
[Black "Rustamov, Rustam"]
[Result "0-1"]
[WhiteTitle "GM"]
[BlackTitle "FM"]
[WhiteElo "2464"]
[BlackElo "2334"]
[WhiteFideId "3814017"]
[BlackFideId "13440110"]
[EventDate "2025.06.17"]

1. e4 c5 2. Nf3 d6 3. d4 cxd4 4. Nxd4 e5 5. Nf3 Nf6 6. Nc3 Be7 7. Bc4 O-O 8. O-O
Be6 9. Bb3 Na6 10. Be3 Nc7 11. Qe2 Qc8 12. Rfd1 h6 13. Nh4 b5 14. Bxe6 Qxe6 15.
Nf5 b4 16. Nxe7+ Qxe7 17. Nd5 Ncxd5 18. exd5 Rac8 19. a3 bxa3 20. Rxa3 Qb7 21.
c4 Rb8 22. Rb1 a6 23. b4 Rfc8 24. h3 Qc7 25. Rc1 Rxb4 26. Rxa6 Rxc4 27. Rxc4
Qxc4 28. Qxc4 Rxc4 29. Rxd6 Ra4 30. Bxh6 Ne4 31. Rd8+ Kh7 32. Be3 f5 33. g3 Ra3
34. Re8 Nxg3 35. Rxe5 Ne2+ 36. Kf1 Nc3 37. Rxf5 Ra1+ 38. Kg2 Rd1 39. Kf3 Nxd5
40. Re5 Nf6 41. Bg5 Nd7 42. Re7 Kg6 43. Be3 Nf6 44. Re5 Rh1 45. Rg5+ Kf7 46. Kg2
Rd1 47. Ra5 Nd5 48. Kf3 Nf6 49. h4 Rh1 50. Bg5 Nh7 51. Kg4 Rg1+ 52. Kf5 Rb1 53.
Ra7+ Kg8 54. f4 Rb5+ 55. Kg4 Nf8 56. h5 Ne6 57. Re7 Nf8 58. Re5 Rb1 59. Kf5 Rh1
60. Re8 Kf7 61. Re7+ Kg8 62. Kg4 Rg1+ 63. Kf5 Rb1 64. h6 Rb5+ 65. Kg4 gxh6 66.
Bxh6 Nh7 67. Rg7+ Kh8 68. Rc7 Nf6+ 69. Kf3 Rb3+ 70. Ke2 Rb2+ 71. Kd3 Kg8 72. Bg7
Rb3+ 73. Kd4 Rb4+ 74. Ke5 Ng4+ 75. Kf5 Ne3+ 76. Kg5 Rb1 77. Be5 Rg1+ 0-1

[Event "Titled Tue 17th Jun Late"]
[Site "chess.com INT"]
[Date "2025.06.17"]
[Round "5"]
[White "Mayaud, Raphael"]
[Black "Jagirapu, Harshin Reddy"]
[Result "1/2-1/2"]
[WhiteTitle "CM"]
[WhiteElo "2126"]
[BlackElo "2042"]
[WhiteFideId "627151"]
[BlackFideId "39910679"]
[EventDate "2025.06.17"]

1. d4 d5 2. c4 e6 3. Nf3 Nf6 4. g3 dxc4 5. Bg2 Nc6 6. O-O Rb8 7. a4 a6 8. a5 Bb4
9. Bd2 Be7 10. Bf4 O-O 11. Qc2 Nd5 12. Qxc4 Nxf4 13. gxf4 Nb4 14. Nc3 b5 15.
axb6 cxb6 16. Rfd1 b5 17. Qb3 Bb7 18. Ne5 Bxg2 19. Kxg2 Qb6 20. Kg1 Rfd8 21. e3
Nc6 22. Rac1 Nxe5 23. fxe5 Rbc8 24. Ne2 Qb7 25. Rxc8 Qxc8 26. Rc1 Qb7 27. Qc2
Qf3 28. Ng3 h5 29. Qc7 Re8 30. Qc6 Qxc6 31. Rxc6 h4 32. Ne4 Ra8 33. Nd6 Bxd6 34.
exd6 Kf8 35. e4 Ke8 36. e5 Ra7 37. Rb6 Kd7 38. Rb8 Kc6 39. Kf1 a5 40. Ke2 a4 41.
Kd3 a3 42. bxa3 Rxa3+ 43. Ke4 Ra2 44. Rc8+ Kd7 45. Rc7+ Kd8 46. Rxf7 b4 47. d5
Re2+ 48. Kd3 Rxe5 49. Rxg7 Rxd5+ 50. Kc4 Rxd6 51. Kxb4 Rd2 52. Rg4 Rxf2 53. Rxh4
Ke7 54. Kc4 Kf6 55. Kd4 Kg5 56. Re4 Rf4 57. Ke3 Rf6 58. h4+ Kh5 59. Kd4 Rg6 60.
Ke5 Rh6 61. Kd6 Rg6 62. Rxe6 Rg1 63. Re4 Rd1+ 64. Ke5 Ra1 65. Kf5 Ra5+ 66. Ke6
Ra3 67. Kf5 Rf3+ 68. Ke6 Rf8 69. Kd5 Kg6 70. Kd6 Rd8+ 71. Ke5 Re8+ 72. Kf4 Rf8+
73. Kg4 Kh6 74. Rf4 Rg8+ 75. Kh3 Kh5 76. Rf5+ Kh6 77. Rf3 Kh5 78. Rf5+ Kh6 79.
Rf4 Rb8 80. Kg4 Rb3 81. Rf6+ Kg7 82. Rf4 Rb1 83. Re4 Rg1+ 84. Kh5 Kf7 85. Rf4+
Ke6 86. Rg4 Rf1 87. Rg5 Kf7 88. Rg4 Rf5+ 89. Rg5 Rf6 90. Kg4 Rh6 91. Rh5 Rg6+
92. Rg5 Rd6 93. Rf5+ Kg6 94. Rg5+ Kh7 95. Kh5 Rh6+ 96. Kg4 Rd6 97. Rh5+ Kg6 98.
Rg5+ Kh7 1/2-1/2

[Event "Titled Tue 17th Jun Late"]
[Site "chess.com INT"]
[Date "2025.06.17"]
[Round "5"]
[White "Kanakaris, Georgios"]
[Black "Matinian, Nikita"]
[Result "1/2-1/2"]
[WhiteTitle "IM"]
[BlackTitle "GM"]
[WhiteElo "2396"]
[BlackElo "2421"]
[WhiteFideId "4209460"]
[BlackFideId "24129100"]
[EventDate "2025.06.17"]

1. e4 e5 2. Nf3 Nc6 3. d4 exd4 4. Bc4 Nf6 5. O-O Nxe4 6. Re1 d5 7. Bxd5 Qxd5 8.
Nc3 Qh5 9. Nxe4 Be6 10. Bg5 Bd6 11. Nxd6+ cxd6 12. Bf4 Qd5 13. c3 Kd7 14. Qa4 d3
15. Rad1 Qxa2 16. Qxa2 Bxa2 17. Rxd3 d5 18. Ne5+ Nxe5 19. Bxe5 Rhe8 20. Rde3 f6
21. Bd4 Rxe3 22. Bxe3 a5 23. Ra1 Bb3 24. Kf1 a4 25. Ke1 Re8 26. Kd2 g5 27. Re1
h6 28. Bc5 Re4 29. f3 Rc4 30. Bd4 Rc6 31. g3 b5 32. f4 Ra6 33. fxg5 fxg5 34. Bc5
Rf6 35. Re2 Rf1 36. Ba3 Rd1+ 37. Ke3 Kc6 38. Rf2 Re1+ 39. Kd2 Re6 40. Rf8 d4 41.
cxd4 Kd5 42. Rd8+ Kc4 43. Rd7 Rf6 44. d5 Rf2+ 45. Ke3 Rf1 46. d6 Re1+ 47. Kf2
Rd1 48. Rc7+ Kd5 49. d7 Ke6 50. Rb7 Rxd7 51. Rxd7 Kxd7 52. Ke3 Kc6 53. Kd4 Bd1
54. Bb4 g4 55. Bf8 h5 56. Bb4 Be2 57. Ke5 Bf1 58. Kd4 Kb6 59. Kd5 Bg2+ 60. Kd6
Bf1 61. Kd5 Bc4+ 62. Kd6 Kb7 63. Ke5 Kc6 64. Kd4 Kd7 65. Ke5 Be2 66. Bc5 Kc6 67.
Bb4 Kd7 68. Bc5 Ke8 69. Bb4 Kf7 70. Bc5 Kg6 71. Bb4 Bd1 72. Bc5 Be2 73. Bb4 Bc4
74. Bc5 Bb3 75. Bb4 Bc4 76. Bc5 Bb3 77. Bb4 Bc4 1/2-1/2